Skiny ze skrzynki Załamania. - Statystyki

Ogólne statystyki
  • Ten quiz został rozwiązany 14 razy
  • Średni wynik to 5 z 17
Statystyki odpowiedzi
Jakość Broń Skin % Poprawnych
Fioletowy Tec-9 Brother
67%
Niebieski P250 Cassette
67%
Czerwony AK-47 Legion of Anubis
67%
Czerwony Desert Eagle Printstream
67%
Różowy Glock-18 Vogue
67%
Fioletowy Galil AR Connexion
33%
Niebieski SSG 08 Mainframe 001
33%
Fioletowy MAG-7 Monster Call
33%
Niebieski PP-Bizon Runic
33%
Różowy M4A4 Tooth Fairy
33%
Fioletowy MAC-10 Allure
0%
Różowy XM1014 Entombed
0%
Niebieski P90 Freight
0%
Niebieski P2000 Gnarled
0%
Fioletowy MP5-SD Kitbash
0%
Niebieski SG 553 Ol' Rusty
0%
Niebieski Negev Ultralight
0%
Nie znaleziono quizów pasujących do podanych kryteriów
Rozkład punktacji
Procent ludzi z każdym wynikiem
Percentyl według liczby udzielonych odpowiedzi
Twoja historia wyników
Nie rozwiązałeś tego quizu